[Event "HUN-chT1 9596"]
[Site "HUN"]
[Date "1996.??.??"]
[Round "10"]
[White "Kustar, Sandor"]
[Black "Besztercsenyi, Tibor"]
[Result "1-0"]
[WhiteElo "2435"]
[BlackElo "2275"]

1.Nf3 Nf6 2.c4 g6 3.g3 Bg7 4.Bg2 O-O 5.d4 d6 6.O-O c5 7.dxc5 dxc5 8.Ne5 Nfd7
9.Nd3 Nc6 10.Nc3 Nde5 11.Nxc5 Nxc4 12.Qa4 Nb6 13.Qh4 e5 14.Bg5 f6 15.Be3 Qe7
16.Rac1 Rd8 17.Rfd1 Bf5 18.Nd5 Nxd5 19.Rxd5 Rac8 20.Qa4 b6 21.Rcd1 bxc5 22.Bxc5 Qc7
23.Qxc6 Rxd5 24.Bxd5+ Kh8 25.Qxc7 Rxc7 26.b4 h5 27.Bb3 Kh7 28.Kg2 g5 29.Rd8 h4
30.gxh4 gxh4 31.Bg8+ Kh6 32.Bd5 Bc8 33.h3 Kg6 34.Be4+ f5 35.Bd5 Bf6 36.Rd6 Kg7
37.Rc6  1-0

[Event "HUN-chT1 9596"]
[Site "HUN"]
[Date "1996.??.??"]
[Round "11"]
[White "Szekely, Peter"]
[Black "Groszpeter, Attila"]
[Result "1/2-1/2"]
[WhiteElo "2455"]
[BlackElo "2520"]

1.Nf3 Nf6 2.c4 g6 3.g3 Bg7 4.Bg2 O-O 5.d4 d6 6.Nc3 Nbd7 7.O-O e5 8.e4 c6
9.b3 Re8 10.h3 a6 11.Be3 exd4 12.Nxd4 Nc5 13.Qc2 Qe7 14.Rfe1 Bd7 15.Rad1 Nfxe4
16.Bf4 f5 17.Nxe4  1/2-1/2

[Event "HUN-chT1 9596"]
[Site "HUN"]
[Date "1996.??.??"]
[Round "13"]
[White "Seres, Lajos"]
[Black "Szalanczy, Emil"]
[Result "1/2-1/2"]
[WhiteElo "2430"]
[BlackElo "2420"]

1.Nf3 Nf6 2.c4 g6 3.g3 Bg7 4.Bg2 O-O 5.d4 c5 6.O-O cxd4 7.Nxd4 Nc6 8.Nc3 Ng4
9.e3 d6 10.b3 Nxd4 11.exd4 Nh6 12.Bb2 Nf5 13.Ne2 Rb8 14.a4 Bd7 15.Qc2 e6
16.Rfc1 Qe7 17.b4 b6 18.Qb3 Rfc8 19.b5 d5 20.cxd5 exd5 21.Re1 Be6 22.Bxd5 Bxd5
23.Qxd5 Rc2 24.Ba3 Qf6 25.Rad1 h5 26.Qf3 Rxe2 27.Qxe2 Nxd4 28.Qc4 Nf3+ 29.Kg2 Nxe1+
30.Rxe1 Rd8 31.Be7 Qd4 32.Qc6 Qd5+ 33.Re4 Qxc6 34.bxc6 Rc8 35.Rc4 Bf8 36.Bxf8 Kxf8
37.Kh3 Ke7 38.Kh4 f6 39.g4 hxg4 40.Kxg4 Kd6 41.f4 a6 42.h4 b5 43.axb5 axb5
44.Rd4+ Kxc6 45.f5 gxf5+ 46.Kxf5 Kc5 47.Re4 b4 48.Kxf6 b3 49.h5 b2 50.Re1 Kb4
51.Rb1 Ka3 52.h6 Ka2 53.Rxb2+ Kxb2 54.h7 Kc3 55.Kg7 Kd4 56.h8=Q Rxh8 57.Kxh8  1/2-1/2

[Event "HUN-chT1 9697"]
[Site "Hungary"]
[Date "1996.??.??"]
[Round "2"]
[White "Konopka, Michal"]
[Black "Vigh, Bela"]
[Result "1-0"]
[WhiteElo "2405"]
[BlackElo "2360"]

1.Nf3 Nf6 2.c4 g6 3.g3 Bg7 4.Bg2 O-O 5.d4 d6 6.O-O Nc6 7.Nc3 a6 8.b3 Bf5
9.Bb2 Qd7 10.Re1 Rab8 11.e4 Bg4 12.d5 Na5 13.e5 Bxf3 14.Bxf3 dxe5 15.Rxe5 Qd6
16.Re2 b5 17.cxb5 axb5 18.Qd2 b4 19.Na4 Rfd8 20.Be5 Qd7 21.Qb2 Nb7 22.Rc1 Nd6
23.Nc5 Qf5 24.Bg2 Qh5 25.h3 Nfe8 26.Bxg7 Nxg7 27.Rxe7 Nb5 28.Nd7 Qg5 29.Rce1 Ra8
30.d6 Nxd6 31.Bxa8 Rxa8 32.Nf6+ Kh8 33.Ne8 Nf5 34.Rxf7  1-0

[Event "HUN-chT1 9697"]
[Site "Hungary"]
[Date "1996.??.??"]
[Round "2"]
[White "Kustar, Sandor"]
[Black "Besztercsenyi, Tibor"]
[Result "1-0"]
[WhiteElo "2395"]
[BlackElo "2310"]

1.Nf3 Nf6 2.c4 g6 3.g3 Bg7 4.Bg2 O-O 5.d4 d6 6.O-O Nbd7 7.Nc3 e5 8.e4 Re8
9.h3 a6 10.Re1 Rb8 11.a4 a5 12.Be3 b6 13.Qc2 Bb7 14.dxe5 dxe5 15.Rad1 Qe7
16.Nd5 Nxd5 17.cxd5 Bf8 18.Bf1 Nc5 19.Bb5 Red8 20.Qc4 Qf6 21.Kg2 h6 22.Nd2 Kh7
23.Qc2 Qg7 24.Nc4 f5 25.Bxc5 Bxc5 26.Nxa5 fxe4 27.Nxb7 Rxb7 28.Rxe4 Rf8 29.Rd2 Rbb8
30.b4 Bd6 31.Rg4 h5 32.Rxg6 Qxg6 33.Bd3 Rf6 34.Bxg6+ Rxg6 35.Qe4 Rf8 36.a5 Rf4
37.Qxg6+  1-0

[Event "HUN-chT1 9697"]
[Site "Hungary"]
[Date "1996.??.??"]
[Round "5"]
[White "Vadasz, Laszlo"]
[Black "Sherzer, Alex"]
[Result "0-1"]
[WhiteElo "2375"]
[BlackElo "2500"]

1.Nf3 Nf6 2.c4 g6 3.g3 Bg7 4.Bg2 O-O 5.O-O d6 6.Nc3 e5 7.d4 Nbd7 8.Qc2 Qe7
9.Rd1 c6 10.dxe5 dxe5 11.h3 Nc5 12.e4 Nh5 13.Qe2 a5 14.b3 Ne6 15.Be3 f5 16.exf5 gxf5
17.Ng5 Nxg3 18.fxg3 Nxg5 19.Na4 Ne6 20.Rf1 Bd7 21.Rad1 Be8 22.Rd2 Bg6 23.Rfd1 Rae8
24.Bb6 Qg5 25.Kh2 Bh5 26.Bf3 Nd4  0-1

[Event "HUN-chT1 9697"]
[Site "Hungary"]
[Date "1996.??.??"]
[Round "5"]
[White "Szekely, Peter"]
[Black "Szuk, Balazs"]
[Result "1/2-1/2"]
[WhiteElo "2435"]
[BlackElo "2340"]

1.Nf3 Nf6 2.c4 g6 3.g3 Bg7 4.Bg2 O-O 5.d4 d6 6.Nc3 c5 7.dxc5 dxc5 8.O-O Nc6
9.Bf4 Bd7 10.Qc1 Qc8 11.Rd1 Bh3  1/2-1/2

[Event "HUN-chT1 9697"]
[Site "Hungary"]
[Date "1996.??.??"]
[Round "5"]
[White "Gyorkos, Lajos"]
[Black "Orgovan, Sandor"]
[Result "1/2-1/2"]
[WhiteElo "2390"]
[BlackElo "2330"]

1.c4 Nf6 2.Nf3 g6 3.g3 Bg7 4.Bg2 O-O 5.O-O d6 6.d4 c6 7.Nc3 Nbd7 8.Qc2 e5
9.Rd1 Qe7 10.e4 exd4 11.Nxd4 Nc5 12.Nde2 a5  1/2-1/2

[Event "Imperia op"]
[Site "Imperia"]
[Date "1996.??.??"]
[Round "4"]
[White "Sarno, Spartaco"]
[Black "Babula, Vlastimil"]
[Result "1-0"]
[WhiteElo "2410"]
[BlackElo "2350"]

1.c4 Nf6 2.Nf3 g6 3.g3 Bg7 4.Bg2 O-O 5.O-O d6 6.Nc3 c5 7.d4 Na6 8.b3 Qa5
9.Bb2 cxd4 10.Nxd4 Qh5 11.e4 Bg4 12.f3 Bh3 13.Qd2 Nc5 14.Rad1 Ne6 15.Bxh3 Qxh3
16.Nxe6 fxe6 17.Ne2 Nh5 18.Bxg7 Nxg7 19.Qg5 Qh5 20.Qxe7 Rxf3 21.Nf4 Qc5+
22.Kg2 Rxf1 23.Rxf1 Qe3 24.Nd5 Qxe4+ 25.Kh3 Nh5 26.Qxb7  1-0

[Event "Imperia op"]
[Site "Imperia"]
[Date "1996.??.??"]
[Round "9"]
[White "Zedek, Alois"]
[Black "Karl, Hans"]
[Result "1/2-1/2"]
[WhiteElo "2275"]
[BlackElo "2255"]

1.c4 Nf6 2.Nf3 g6 3.g3 Bg7 4.Bg2 O-O 5.O-O d6 6.Nc3 e5 7.d3 c6 8.Rb1 a5 9.a3 Re8
10.b4 axb4 11.axb4 h6 12.Bb2 d5 13.Nd2 Be6 14.Ra1 Nbd7 15.Rxa8 Qxa8 16.Qc2 dxc4
17.Nxc4 Nd5 18.b5 Nxc3 19.Qxc3 Bd5 20.Nd6 Re6 21.bxc6 bxc6 22.Ra1 Qb8 23.Nc4  1/2-1/2

[Event "ISR-chT"]
[Site "Israel"]
[Date "1996.??.??"]
[Round "11"]
[White "Huzman, Alexander"]
[Black "Manor, Ilan"]
[Result "1-0"]
[WhiteElo "2570"]
[BlackElo "2510"]

1.Nf3 Nf6 2.c4 g6 3.g3 Bg7 4.Bg2 O-O 5.O-O d6 6.Nc3 e5 7.d4 Nbd7 8.h3 Re8
9.e4 a6 10.d5 b5 11.cxb5 axb5 12.b4 Nb6 13.Re1 Bd7 14.Bf1 Na4 15.Qb3 Nxc3
16.Qxc3 h6 17.Bb2 Rc8 18.Rad1 c6 19.dxc6 Rxc6 20.Qb3 Qc7 21.Rd2 Rb8 22.a3 Be6
23.Qe3 Rc2 24.Qd3 Rc8 25.Qxb5 Rxb2 26.Rxb2 Qc3 27.Qe2 Bc4 28.Qc2 Bxf1 29.Qxc3 Rxc3
30.Kxf1 Rxf3 31.b5 Nd7 32.b6 Nxb6 33.Rxb6 Rxa3 34.Rc1 Ra7 35.Rxd6 h5 36.Rdc6 Bh6
37.R1c2 Ra4 38.R6c4 Ra1+ 39.Ke2 Ra3 40.Rc8+ Kg7 41.R8c5 Kf6 42.R2c3 Ra6 43.Rc6+ Rxc6
44.Rxc6+ Ke7 45.Kf3 Bg5 46.Ke2 Kd7 47.Ra6 Be7 48.Ra5 Ke6 49.Kd3 Bf8 50.Kc4  1-0

[Event "Jakarta"]
[Site "Jakarta"]
[Date "1996.??.??"]
[Round "?"]
[White "Mahmud, Syarif"]
[Black "Gunawan, Ronny"]
[Result "0-1"]
[WhiteElo "2365"]
[BlackElo "2425"]

1.Nf3 g6 2.g3 Bg7 3.Bg2 Nf6 4.c4 O-O 5.O-O c5 6.d4 Nc6 7.Nc3 cxd4 8.Nxd4 Ng4
9.Nc2 d6 10.h3 Nge5 11.Ne3 Na5 12.Qa4 Bd7 13.Qb4 Rc8 14.Ncd5 Re8 15.Rb1 Nexc4
16.b3 Ne5 17.Bd2 b6 18.Qa3 e6 19.f4 Nec6 20.b4 Nb7 21.Qa6 Rb8 22.Nc3 d5 23.Nb5 Nd4
24.Nxd4 Bxd4 25.Kh2 Nd6 26.Ng4 Bb5 27.Qa3 Bxe2 28.Nh6+ Kg7 29.Rfe1 Kxh6 30.Rxe2 Kg7
31.Rc1 Qd7 32.Qd3 Bf6 33.g4 Kg8 34.Rce1 Rbc8 35.Kh1 Red8 36.Qg3 Rc2 37.f5 exf5
38.Bxd5 Nb5  0-1

[Event "ISR-ch"]
[Site "Jerusalem"]
[Date "1996.??.??"]
[Round "1"]
[White "Oratovsky, Michael"]
[Black "Zalkind, Karmi"]
[Result "1/2-1/2"]
[WhiteElo "2485"]
[BlackElo "2315"]

1.Nf3 Nf6 2.c4 g6 3.g3 Bg7 4.Bg2 O-O 5.d4 d5 6.cxd5 Nxd5 7.O-O Nc6 8.e4 Nb6
9.d5 Na5 10.Nc3 c6 11.Bg5 h6 12.Bf4 cxd5 13.exd5 e6 14.dxe6 Bxe6 15.Be5 Nc6
16.Bxg7 Kxg7 17.b3 Qxd1 18.Rfxd1 Rfd8 19.Ne4 Rxd1+ 20.Rxd1 Rd8 21.Rxd8 Nxd8
22.Nd4 Bd5 23.f4 f5 24.Nc5 a6 25.Bxd5 Nxd5 26.Nde6+ Nxe6 27.Nxe6+ Kf6 28.Nc5 b6
29.Nxa6 Ke6 30.Kf2 Kd6 31.a3 Kc6 32.Ke2 Kb7 33.Nb4 Nxb4 34.axb4 Kc6 35.Kd3 Kb5
36.Kc3 g5 37.fxg5 hxg5 38.h3 Kc6 39.Kd4 Kd6 40.h4 f4 41.h5 fxg3 42.Ke3 Ke5
43.Kf3 Kf5 44.Kxg3 b5 45.Kh3 g4+ 46.Kh4 Kf4 47.h6 g3 48.h7 g2 49.h8=Q g1=Q
50.Qf6+ Ke4 51.Qc6+ Kf4 52.Qc7+ Ke4 53.Qb7+ Kf4 54.Qb8+ Ke4 55.Qe8+ Kf4 56.Qf8+ Ke4  1/2-1/2

[Event "ISR-ch"]
[Site "Jerusalem"]
[Date "1996.??.??"]
[Round "8"]
[White "Hadas, Yaron"]
[Black "Zaltz, Dov"]
[Result "1/2-1/2"]
[WhiteElo "2230"]
[BlackElo "2260"]

1.c4 Nf6 2.Nf3 g6 3.g3 Bg7 4.Bg2 O-O 5.O-O d6 6.d4 Nbd7 7.Nc3 e5 8.e4 c6
9.Be3 Ng4 10.Bg5 f6 11.Bc1 Nh6 12.Qc2 Nf7 13.h3 Re8 14.d5 c5 15.a3 Nf8 16.b4 b6
17.bxc5 dxc5 18.a4 Bd7 19.a5 Nd6 20.axb6 axb6 21.Rxa8 Qxa8 22.Nd2 f5 23.Bb2 f4
24.g4 h5 25.f3 Qb7 26.Ra1 Ra8 27.Rxa8 Qxa8 28.Qb3 Qa5 29.Qa3 Qxa3 30.Bxa3 Nh7
31.Bf1 Nf6 32.Bb2 Kf7 33.Be2 Ke7 34.Bd1 Nf7 35.Na4 Bxa4 36.Bxa4 Nh7 37.Kg2 hxg4
38.hxg4 Nhg5 39.Bb3 Nd6 40.Nb1 Kd7 41.Ba4+  1/2-1/2

[Event "ISR-ch"]
[Site "Jerusalem"]
[Date "1996.??.??"]
[Round "8"]
[White "Godes, Dmitry R"]
[Black "Maryasin, Boris"]
[Result "1-0"]
[WhiteElo "2380"]
[BlackElo "2400"]

1.c4 Nf6 2.Nf3 g6 3.g3 Bg7 4.Bg2 O-O 5.O-O d6 6.Nc3 e5 7.d3 c6 8.Rb1 a5 9.a3 Re8
10.b4 Na6 11.e4 axb4 12.axb4 Nc7 13.Re1 Ne6 14.h3 Nh5 15.Be3 Nd4 16.Bxd4 exd4
17.Ne2 c5 18.bxc5 dxc5 19.g4 Nf6 20.Nf4 g5 21.Nd5 Nxd5 22.exd5 Rf8 23.Qe2 Ra3
24.Nd2 Ra2 25.Ra1 Rxa1 26.Rxa1 f5 27.gxf5 Bxf5 28.Be4 Bxh3 29.Bxh7+ Kxh7
30.Qh5+ Bh6 31.Qxh3 g4 32.Qh5 Qf6 33.Ne4 Qf4 34.Rb1 Kh8 35.Rb6  1-0

[Event "JUG-ch sf"]
[Site "Kladovo"]
[Date "1996.??.??"]
[Round "?"]
[White "Abramovic, Bosko"]
[Black "Knezevic, Bojan"]
[Result "1-0"]
[WhiteElo "2490"]
[BlackElo "2380"]

1.Nf3 Nf6 2.c4 g6 3.g3 Bg7 4.Bg2 O-O 5.O-O c6 6.d4 d6 7.Nc3 Qb6 8.b3 d5 9.cxd5 cxd5
10.Ne5 Nc6 11.Bb2 e6 12.e3 Nxe5 13.dxe5 Nd7 14.Na4 Qa6 15.f4 b5 16.Nc3 Qb6
17.Qd2 Ba6 18.Ne2 b4 19.Bd4 Qb5 20.Bf3 Nc5 21.Rfc1 Rfc8 22.Bxc5 Rxc5 23.Nd4 Rxc1+
24.Rxc1 Qb7 25.Be2 Bxe2 26.Nxe2 a5 27.Qc2 a4 28.Nd4 axb3 29.axb3 Bf8 30.h4 Ra5
31.Qc8 Qxc8 32.Rxc8 Kg7 33.Rc7 Kg8 34.Kf2 Rc5 35.Rb7 Rc8 36.Nb5 h5 37.Ke2 Rd8
38.Kd3 Bc5 39.Rc7 Bf8 40.Kd4 Kg7 41.Rb7 Kg8 42.Ra7 Kg7 43.Nc7 Kg8 44.Nb5 Kg7
45.Ra6 Rc8 46.Nd6 Rc3 47.Ra7 Kg8 48.Rb7 Rxb3 49.Nxf7 Rb1 50.Kd3 b3 51.Nd6 b2
52.Kc2 Rg1 53.Rxb2 Rxg3 54.Rb7 Bh6 55.Nf7 Bf8 56.Ng5 Rxg5 57.fxg5 Bc5 58.Kd3 Kf8
59.Rb1 Be7 60.e4 dxe4+ 61.Kxe4 Ke8 62.Rf1 Bd8 63.Rf6 Bxf6 64.exf6 Kf7 65.Ke5 Kf8
66.Kxe6 Ke8 67.f7+ Kf8 68.Kd6  1-0

[Event "Koszalin op"]
[Site "Koszalin"]
[Date "1996.??.??"]
[Round "5"]
[White "Gratka, Krzysztof"]
[Black "Babula, Pavel"]
[Result "1/2-1/2"]
[WhiteElo "2225"]
[BlackElo "2090"]

1.c4 Nf6 2.Nf3 g6 3.g3 Bg7 4.Bg2 O-O 5.O-O d6 6.Nc3 Na6 7.Rb1 c5 8.a3 e5
9.d3 h6 10.b4 Be6 11.Qc2 Qd7 12.Re1 Bh3 13.Bh1 Rae8 14.e4 Nh5 15.Qa4 Qxa4
16.Nxa4 cxb4 17.axb4 f5 18.Nh4 f4 19.Nxg6 Rf7 20.Nh4 Bf8 21.Nf5 Re6 22.Ba3 Ng7
23.b5 Nb8 24.Nc3 Rg6 25.Nxg7 Kxg7 26.Bb4 h5 27.Bg2 Bxg2 28.Kxg2 h4 29.Rb2 Kh6
30.Ra2 a5 31.bxa6 Nxa6 32.Ba3 Be7 33.Rb2 Bd8 34.Reb1 b6 35.Ra2 Nb8 36.Bc1 Kg7
37.Ra8 Nc6 38.Rc8 hxg3 39.fxg3 fxg3 40.hxg3 Bh4 41.Rxc6 Bxg3 42.Nd1 Bf4+
43.Kh1 Bxc1 44.Rxc1 Rf4 45.Rc2 Rf1+ 46.Kh2 Rxd1 47.Rg2 Rxd3 48.Rxb6 Rxg2+
49.Kxg2 Kf7 50.Rc6 Ke7 51.c5 Kd7 52.Rxd6+ Rxd6 53.cxd6 Kxd6 54.Kf2 Kc5 55.Ke2 Kc4
56.Kd2 Kd4 57.Ke1 Kxe4  1/2-1/2

[Event "Koszalin op"]
[Site "Koszalin"]
[Date "1996.??.??"]
[Round "7"]
[White "McNab, Colin Anderson"]
[Black "Shilov, Sergej"]
[Result "1/2-1/2"]
[WhiteElo "2465"]
[BlackElo "2320"]

1.c4 Nf6 2.Nf3 g6 3.g3 Bg7 4.Bg2 O-O 5.O-O c5 6.Nc3 Nc6 7.d3 d5 8.cxd5 Nxd5
9.Bd2 b6 10.Qc1 Bb7 11.Bh6 Rc8 12.Bxg7 Kxg7 13.Nxd5 Qxd5 14.Qc3+ f6 15.e3 Rfd8
16.Rfd1 Ne5 17.Ne1 Qd7 18.Bxb7 Qxb7 19.Qc2 Nf3+ 20.Nxf3 Qxf3 21.Rd2 g5 22.Re1 Rd6
23.Qd1 g4 24.Qa4 Rc7 25.Rc1 f5 26.Rc4 Qc6  1/2-1/2

[Event "EUCup Gr1"]
[Site "Kranevo"]
[Date "1996.??.??"]
[Round "?"]
[White "Hanel, Reinhard"]
[Black "Atalik, Suat"]
[Result "0-1"]
[WhiteElo "2350"]
[BlackElo "2525"]

1.c4 g6 2.Nf3 Bg7 3.g3 Nf6 4.Bg2 O-O 5.O-O Nc6 6.d4 d6 7.Nc3 Rb8 8.h3 a6
9.e4 b5 10.cxb5 axb5 11.d5 Na5 12.Nd4 b4 13.Nce2 c5 14.dxc6 e5 15.Nb3 Nxc6
16.Bg5 h6 17.Be3 Bb7 18.Qd2 Na5 19.Nxa5 Qxa5 20.f3 d5 21.Bxh6 dxe4 22.Bxg7 Qb6+
23.Kh2 e3 24.Qe1 Kxg7 25.Rc1 Rbd8 26.Rc2 Ba6 27.Qc1 Rd6 28.Re1 Bd3 29.Rc5 Nd7
30.Rc7 Bb5 31.Rc2 Bd3 32.Rc7 Bf5 33.Ng1 Rd2 34.Rc6 Qa7 35.Re2 Qd4 36.Rc4 Qd3
37.g4 Rd1 38.Qxd1 Qxd1 39.gxf5 Qd3 40.Re4 gxf5 41.R4xe3 Qd6 42.Kh1 f4  0-1

[Event "La Coruna op"]
[Site "La Coruna"]
[Date "1996.??.??"]
[Round "?"]
[White "Paunovic, Dragan"]
[Black "Caselas, Jacobo"]
[Result "1-0"]
[WhiteElo "2495"]
[BlackElo "2350"]

1.Nf3 Nf6 2.c4 g6 3.g3 Bg7 4.Bg2 O-O 5.d4 d6 6.O-O Nc6 7.Nc3 e5 8.d5 Ne7
9.c5 Ne8 10.cxd6 cxd6 11.e4 h6 12.Nd2 f5 13.Nc4 f4 14.a4 g5 15.a5 Ng6 16.Bd2 Qf6
17.f3 h5 18.Ne2 Rf7 19.Rc1 Bf8 20.Qa4 Bd7 21.Qb3 Rb8 22.a6 b6 23.Na5 Ra8
24.Nc6 Rh7 25.Rf2 Bc8 26.Qd3 Bh6 27.b4 Bd7 28.b5 Qf8 29.gxf4 gxf4 30.Kh1 Nh4
31.Rg1 Rg7 32.Bf1 Kh7 33.Bb4 Qf6 34.Rxg7+ Qxg7 35.Ng1 Kh8 36.Bh3 Bxh3 37.Nxh3 Qd7
38.Qf1 Nf6 39.Be1 Rg8 40.Re2 Ng6 41.Ng1 Ne7 42.Rg2 Bg5 43.Rc2 Bh6 44.Bh4 Bg5
45.Qe1 Nc8 46.Rg2 Nh7 47.Bxg5 Rxg5 48.Rxg5 Nxg5 49.Qh4 Qg7 50.Qxh5+  1-0

[Event "Las Palmas op"]
[Site "Las Palmas"]
[Date "1996.??.??"]
[Round "2"]
[White "Maric, Alisa"]
[Black "Rodriguez, Blas"]
[Result "1-0"]
[WhiteElo "2460"]
[BlackElo "2250"]

1.Nf3 Nf6 2.c4 g6 3.g3 Bg7 4.Bg2 O-O 5.O-O c5 6.d4 cxd4 7.Nxd4 Nc6 8.Nc3 Nxd4
9.Qxd4 d6 10.Qd3 Qc7 11.Bg5 Be6 12.b3 Rac8 13.Rac1 a6 14.h3 h6 15.Be3 Nd7
16.Qe4 b5 17.Nd5 Bxd5 18.cxd5 Nc5 19.Qh4 g5 20.Qh5 Qa5 21.h4 Qxa2 22.hxg5 hxg5
23.Bxg5 Nxb3 24.Be4 Rfe8 25.Qh7+ Kf8 26.Bh6 Qb2 27.Qh8+  1-0

[Event "Las Palmas op"]
[Site "Las Palmas"]
[Date "1996.??.??"]
[Round "6"]
[White "Maric, Alisa"]
[Black "Lezcano Jaen, Pedro"]
[Result "1-0"]
[WhiteElo "2460"]
[BlackElo "2320"]

1.Nf3 Nf6 2.c4 g6 3.g3 Bg7 4.Bg2 O-O 5.O-O d6 6.d4 c6 7.Nc3 Qa5 8.e4 Bg4
9.h3 Bxf3 10.Bxf3 e5 11.Be3 Qb4 12.Qb3 Qxb3 13.axb3 Ng4 14.Bxg4 exd4 15.Bd2 dxc3
16.Bxc3 Na6 17.b4 c5 18.b5 Nc7 19.Bxg7 Kxg7 20.Rfd1 Rfd8 21.Bf3 a6 22.e5 axb5
23.Rxa8 Rxa8 24.exd6 Ne6 25.cxb5 Rb8 26.Bd5 Kf6 27.f4 b6 28.Bc6 h5 29.Kf2 h4
30.gxh4 Nxf4 31.Ke3 Ne6 32.Rf1+ Ke5 33.Rxf7 Kxd6 34.Ke4 c4 35.Rd7+ Kc5 36.Ke5 Nd8
37.Rd5+ Kb4 38.Kd6 Nxc6 39.bxc6 Rd8+ 40.Ke6 Re8+ 41.Kd7 Rh8 42.c7 Kb3 43.Rb5+  1-0

[Event "Lazne Bohdanec-B"]
[Site "Lazne Bohdanec"]
[Date "1996.??.??"]
[Round "9"]
[White "Hlavnicka, Jiri"]
[Black "Valenta, Vit"]
[Result "1/2-1/2"]
[WhiteElo "2210"]
[BlackElo "2320"]

1.Nf3 Nf6 2.g3 g6 3.c4 Bg7 4.Bg2 O-O 5.Nc3 d6 6.d3 e5 7.O-O Nc6 8.Rb1 a5
9.a3 Rb8 10.b4 axb4 11.axb4 h6 12.Nd5 Nxd5 13.cxd5 Ne7 14.e4 f5 15.Ne1 c6
16.b5 cxd5 17.exd5 g5 18.b6 Ra8 19.Qb3 Bd7 20.Nc2 Ba4 21.Qa2 f4 22.Be4 Qd7
23.Na3 f3 24.Kh1 Qh3 25.Rg1 g4 26.Qd2 Nf5 27.Rb4 Nd4 28.Rxd4 exd4 29.Nc4 Rae8
30.Ba3 Bb3 31.Bxd6 Rf6 32.Be5 Bxc4 33.Bxf6 Bxf6 34.Qf4 Bxd3 35.Qxf6 Bxe4
36.d6 Bd5 37.Qg6+ Kf8 38.Qf6+ Kg8 39.Qg6+ Kf8 40.Qf6+ Kg8 41.Qg6+  1/2-1/2

[Event "Leiner op"]
[Site "Leiner"]
[Date "1996.??.??"]
[Round "9"]
[White "Kustar, Sandor"]
[Black "Ebner, Walter"]
[Result "1-0"]
[WhiteElo "2395"]
[BlackElo "2210"]

1.Nf3 Nf6 2.c4 g6 3.g3 Bg7 4.Bg2 O-O 5.d4 d6 6.O-O Nbd7 7.Nc3 e5 8.h3 Re8
9.e4 a5 10.Re1 Nh5 11.Bg5 f6 12.Be3 Nf8 13.Qc2 Be6 14.b3 Qd7 15.Kh2 Kh8 16.Rad1 Qf7
17.Nb5 b6 18.Bd2 g5 19.c5 bxc5 20.dxc5 d5 21.exd5 Bxd5 22.Bc3 Be6 23.Nd2 Rab8
24.a4 Ng6 25.Bxa5 Rec8 26.Nc4 g4 27.h4 f5 28.Bc3 e4 29.Bf1 Qe7 30.Nd4 Rf8
31.Nc6 Qxc5 32.Nxb8 Rxb8 33.b4 Qe7 34.Bxg7+ Nxg7 35.b5 Nh5 36.Qc3+ Kg8 37.Na5 Re8
38.Nc6 Qf7 39.Nd8 Qg7 40.Qxg7+ Nxg7 41.a5 Bb3 42.a6 Ne5 43.Be2 Nd3 44.Bxd3 Bd5
45.Bc4 Bxc4 46.a7  1-0

[Event "Leon University tt (Women)"]
[Site "Leon"]
[Date "1996.??.??"]
[Round "8"]
[White "Wang Lei"]
[Black "Wang Pin"]
[Result "1-0"]
[WhiteElo "2340"]
[BlackElo "2345"]

1.Nf3 Nf6 2.c4 g6 3.g3 Bg7 4.Bg2 O-O 5.O-O d6 6.Nc3 e5 7.d3 h6 8.Rb1 Be6
9.b4 Nbd7 10.Nd2 c6 11.a4 d5 12.Ba3 d4 13.Nce4 Nxe4 14.Nxe4 Qe7 15.c5 Bd5
16.Qc2 a6 17.Ra1 f5 18.Nd2 Nf6 19.Bb2 Bxg2 20.Kxg2 Nd5 21.Qc4 Kh7 22.Nb3 Qd7
23.Bc1 Rae8 24.Kh1 Rf7 25.Bd2 Ref8 26.Rae1 Rd8 27.Bc1 Re7 28.Na5 e4 29.Bb2 exd3
30.exd3 Nc3 31.Qb3 h5 32.Rxe7 Qxe7 33.Qc2 Re8 34.Nc4 Qd7 35.Bxc3 dxc3 36.Rd1 Qd5+
37.Kg1 Re7 38.Ne3 Qd4 39.Qb3 Rd7 40.Kg2 Qe5 41.Kf1 Bf6 42.Nc2 Kg7 43.Re1 Qd5
44.Qxd5 Rxd5 45.Rd1 Bd4 46.Rb1 Kf6 47.Ke2 g5 48.Rb3 a5 49.bxa5 Rd7 50.Nxd4 Rxd4
51.Rxb7 Rxa4 52.Rb3 Rxa5 53.Rxc3 Ke5 54.Ke3 Kd5 55.d4 Ra2 56.Rd3 Rb2 57.h4 g4
58.Ra3 Rc2 59.Rd3 Ke6 60.f3 Kd5 61.fxg4 fxg4 62.Rd1 Rc4 63.Rd2 Ra4 64.Rd3 Rb4
65.Rd1 Ra4 66.Rd2 Ra3+ 67.Kf4 Rf3+ 68.Kg5 Rxg3 69.Kxh5 Rg1 70.Kg5 g3 71.Kg4 g2
72.Kg3  1-0

[Event "Liechtenstein op"]
[Site "Liechtenstein"]
[Date "1996.??.??"]
[Round "3"]
[White "Foisor, Ovidiu"]
[Black "Mittelberger, Peter"]
[Result "1-0"]
[WhiteElo "2475"]
[BlackElo "2225"]

1.c4 Nf6 2.Nf3 g6 3.g3 Bg7 4.Bg2 O-O 5.O-O d6 6.Nc3 c6 7.d3 e5 8.Rb1 a5 9.a3 Re8
10.Nd2 Be6 11.b4 axb4 12.axb4 Nbd7 13.Nde4 Nxe4 14.Nxe4 Nf6 15.Bg5 d5 16.Nc5 Bc8
17.cxd5 cxd5 18.Qb3 b6 19.Bxf6 Bxf6 20.Qxd5 Qxd5 21.Bxd5 Bh3 22.Bxa8 Bxf1
23.Nd7 Rd8 24.Kxf1  1-0

[Event "Liechtenstein op"]
[Site "Liechtenstein"]
[Date "1996.??.??"]
[Round "8"]
[White "Foisor, Cristina Adela B"]
[Black "Moeldner, Juergen"]
[Result "1-0"]
[WhiteElo "2370"]
[BlackElo "2185"]

1.c4 Nf6 2.Nf3 g6 3.g3 Bg7 4.Bg2 O-O 5.O-O d6 6.Nc3 c6 7.d3 Nbd7 8.Rb1 e5
9.b4 Re8 10.Nd2 Nf8 11.a4 d5 12.a5 Be6 13.Bb2 Qc7 14.Na4 Rad8 15.Qc2 d4 16.Nc5 Bc8
17.a6 b6 18.Nb7 Bxb7 19.axb7 Qxb7 20.b5 Re6 21.Ra1 Qc7 22.bxc6 h5 23.Qa4 Ra8
24.Ba3 Bh6 25.Ne4 N6h7 26.c5 Rd8 27.Nd6 bxc5 28.Nb5 Qb6 29.Rab1  1-0

[Event "Anibal op 3rd"]
[Site "Linares"]
[Date "1996.??.??"]
[Round "?"]
[White "Marin, Mihail"]
[Black "Konguveel, Ponnuswamy"]
[Result "1/2-1/2"]
[WhiteElo "2545"]
[BlackElo "2395"]

1.c4 Nf6 2.Nf3 g6 3.g3 Bg7 4.Bg2 O-O 5.O-O d5 6.d4 dxc4 7.Na3 c3 8.bxc3 c5
9.e3 Nc6 10.Qe2 Nd5 11.Bb2 Qa5 12.Rfc1 Bg4 13.h3 Bxf3 14.Bxf3 Nb6 15.Nc4 Nxc4
16.Qxc4 Rac8 17.Qb3 Qa6 18.a4 Na5 19.Qb5 Qxb5 20.axb5 Nc4 21.Rc2 Nd6 22.Re2 Nxb5
23.Bxb7 Rc7 24.Ba6 Rb8 25.Ra5 Nd6 26.Rxc5 Rxc5 27.dxc5 Ne4 28.c6 Be5 29.c4 Rxb2
30.Rxb2 Bxb2 31.c7 Nd6 32.c5 Nc8 33.f4 Bc3 34.Bxc8 Ba5 35.Kf2 Bxc7 36.Ke2 Kf8
37.Kd3 Ke8 38.Kc4 Kd8 39.Ba6 Ba5 40.Kd4 Kc7 41.Bb5 e6 42.g4 Kd8 43.Ba6  1/2-1/2

[Event "SWE-chB1"]
[Site "Linkoping"]
[Date "1996.??.??"]
[Round "?"]
[White "Zetterberg, Staffan"]
[Black "Sundell, Bo"]
[Result "1/2-1/2"]
[WhiteElo "2210"]
[BlackElo "2090"]

1.Nf3 Nf6 2.c4 g6 3.g3 Bg7 4.Bg2 O-O 5.O-O c6 6.Nc3 d6 7.d4 Nbd7 8.e4 e5
9.h3 Qe7 10.Re1 Rd8 11.Be3 a6 12.Qc2 b5 13.cxb5 axb5 14.Rad1  1/2-1/2

[Event "Litomysl op"]
[Site "Litomysl"]
[Date "1996.??.??"]
[Round "4"]
[White "Jirovsky, Milos"]
[Black "Piza, Vlastimil"]
[Result "1-0"]
[WhiteElo "2445"]
[BlackElo "2275"]

1.Nf3 Nf6 2.c4 g6 3.g3 Bg7 4.Bg2 O-O 5.O-O d6 6.d4 Nbd7 7.Qc2 e5 8.Rd1 Re8
9.Nc3 h6 10.e4 Nh7 11.dxe5 dxe5 12.Be3 c6 13.c5 Qe7 14.Rd6 Ng5 15.Qd2 Nxf3+
16.Bxf3 Kh7 17.b4 Nf8 18.b5 Qc7 19.Bd1 Ne6 20.bxc6 bxc6 21.Ba4 Nd4 22.Bxd4 exd4
23.Nd5 cxd5 24.Bxe8 dxe4 25.Bc6 Rb8 26.Bxe4 Qxc5 27.Rc6 Qa3 28.Qf4 Bb7 29.Qxb8 Bxc6
30.Bxc6 Qc3 31.Rf1 Qxc6 32.Qxa7 Qf3 33.a4 h5 34.Qd7 d3 35.a5 Bh6 36.a6 d2
37.a7 h4 38.Qa4 hxg3 39.hxg3 Be3 40.a8=Q Bxf2+ 41.Rxf2  1-0

[Event "Mar del Plata op"]
[Site "Mar del Plata"]
[Date "1996.??.??"]
[Round "7"]
[White "Panno, Oscar"]
[Black "Bonaveri, Agustin"]
[Result "1-0"]
[WhiteElo "2485"]
[BlackElo "2290"]

1.Nf3 Nf6 2.c4 g6 3.g3 Bg7 4.Bg2 O-O 5.O-O d6 6.Nc3 e5 7.d4 exd4 8.Nxd4 Nbd7
9.h3 Re8 10.e4 Nc5 11.Re1 a6 12.Re2 Rb8 13.Rb1 Bd7 14.b4 Ne6 15.Nb3 h6 16.Nd5 Ng5
17.Nxf6+ Qxf6 18.f4 Ne6 19.Bb2 Qe7 20.Kh2 Ba4 21.Qd3 Bxb3 22.axb3 Bxb2 23.Rexb2 c5
24.bxc5 dxc5 25.e5 a5 26.Bd5 Kh8 27.Qd2 b6 28.f5 gxf5 29.Qxh6+ Kg8 30.Rf2 Nd4
31.Rbf1 Qf8 32.Qg6+ Kh8 33.Qh5+ Kg7 34.Rxf5  1-0

[Event "Mar del Plata op"]
[Site "Mar del Plata"]
[Date "1996.??.??"]
[Round "8"]
[White "Szmetan, Jorge"]
[Black "Vescovi, Giovanni"]
[Result "1/2-1/2"]
[WhiteElo "2405"]
[BlackElo "2475"]

1.Nf3 Nf6 2.c4 g6 3.g3 Bg7 4.Bg2 O-O 5.O-O c6 6.d4 d5 7.Qb3 dxc4 8.Qxc4 Nbd7
9.Nc3 Nb6 10.Qd3 Be6 11.Rd1 Rc8 12.e4 c5 13.d5 Bg4 14.h3 Bxf3 15.Qxf3 Nfd7
16.Qe2 c4 17.f4 Nc5 18.e5 f6 19.e6 f5 20.d6 Bxc3 21.bxc3 Rf6 22.dxe7 Qxe7
23.Ba3 Rxe6 24.Qf2 Nd3 25.Bxe7 Nxf2 26.Kxf2 Rxe7 27.a4 Rcc7 28.a5 Nd7 29.Rd4 Kf7
30.Ra4 b5 31.axb6 Nxb6 32.Ra5 Re6 33.g4 Rce7 34.Bf1  1/2-1/2

[Event "SVK-ch"]
[Site "Martin"]
[Date "1996.??.??"]
[Round "8"]
[White "Dobrotka, Martin"]
[Black "Buturin, Vladimir"]
[Result "0-1"]
[WhiteElo "2205"]
[BlackElo "2445"]

1.Nf3 Nf6 2.c4 g6 3.g3 Bg7 4.Bg2 O-O 5.O-O d5 6.d3 c5 7.Nbd2 Nc6 8.a3 b6
9.e3 Bb7 10.Qc2 Qd6 11.Rd1 Rfd8 12.b3 e5 13.Bb2 d4 14.e4 Bc8 15.h3 Bd7 16.Rf1 a5
17.a4 Nb4 18.Qb1 Nh5 19.Ba3 Bh6 20.Bxb4 cxb4 21.Qe1 f6 22.Qe2 Ng7 23.Nh2 Rac8
24.Ng4 Bg5 25.Nh2 Ne6 26.h4 Bh6 27.Ndf3 Nc5 28.Rfb1 Re8 29.Ne1 Re7 30.Ng4 Bg7
31.Nh2 Rf8 32.Ra2 f5 33.Nf1 Bh6 34.exf5 gxf5 35.Bd5+ Kh8 36.Qf3 e4 37.Qg2 exd3
38.Qf3 f4 39.Qg2 Re2 40.Rxe2 dxe2  0-1